[Event "E World Cup 2021"]
[Site "Sochi"]
[Date "2021.07.25"]
[Round "5.1"]
[White "Tabatabaei, M Amin"]
[Black "Martirosyan, Haik M"]
[Result "0-1"]
[WhiteElo "2613"]
[BlackElo "2632"]
[EventDate "2021.??.??"]
[Annotator "Bojkov,Dejan"]
[PlyCount "122"]
[Beauty "6323399826439"]
[EventType "team-tourn"]
[EventCountry "RUS"]

1.d4 Nf6 2.c4 e6 3.Nc3 Bb4 4.e3 O-O 5.Bd2 c5 6.a3 Bxc3 {Martirosyan follows in the footsteps of his great countryman (well, soon-to-represent the U.S.) Aronian.} 7.Bxc3 Ne4 8.Ne2 ( {A few weeks ago, Aronian successfully defended after} 8.Rc1 b6 9.Nf3 Bb7 10.Be2 Nxc3 11.Rxc3 cxd4 12.exd4 d6 13.O-O Nd7 14.Qd2 Nf6 {Caruana,F (2820)-Aronian,L (2781) Paris 2021} ) 8...b6 9.d5 Ba6 10.b3 b5 11.Qd3 Nxc3 $146 {A novelty that limits the options of the opponent.} ( {In another game by Aronian, the Armenian number-one chose a slightly different move order:} 11...exd5 12.Qxd5 Nxc3 13.Nxc3 Qa5 14.Qd2 bxc4 {but this allowed his opponent an additional possibility that he used:} 15.Bxc4 {Still, Black did not experience any problems after} 15...Nc6 16.O-O Bxc4 17.bxc4 Ne5 18.Ne4 Qxd2 19.Nxd2 Rfb8 20.Rfb1 Kf8 21.Kf1 Ke7 {Yuffa,D (2566)-Aronian,L (2775) Moscow 2019} ) 12.Nxc3 bxc4 13.bxc4 exd5 14.Qxd5 {Tabatabaei wants to exploit the holes in the black pawn structure. Therefore, he keeps the queens alive, at least for now.} ( {After} 14.Nxd5 Nc6 15.Be2 Qa5+ 16.Qc3 Qxc3+ 17.Nxc3 Na5 {Black's lead in development promises him good play after} 18.Nb5 Rab8 19.Rb1 Rb6 ) 14...Qa5 {However, White has problems of his own, mainly the lag in development; thus, Black quickly brings everyone out.} 15.Qd2 Nc6 16.Be2 ( {The endgame after} 16.Nb5 Rab8 17.Qxa5 Nxa5 18.a4 Rb6 {is still good for Black.} ) 16...Rab8 17.O-O {If White gets a couple of tempi to stabilize his position in the center, Black will be sentenced to eternal suffering.} 17...Ne5 18.Rfc1 $1 {Well foreseen by White. The pawn is defended.} 18...Rb3 {Black's activity will soon net him a pawn. But after the capture, Martirosyan will have his pieces stuck on the queenside, so Black has to be very, very careful.} ( {Actually} 18...Bxc4 19.Bxc4 Nxc4 20.Qxd7 {is possible too. Black needs to be careful, though, and find the following moves:} 20...Nb2 {Intending c5-c4 and Nb2-d3.} 21.Nd5 {And now} 21...Kh8 $1 {equalizes.} ( {Rather than} 21...c4 22.Ne7+ Kh8 23.Nc6 ) ) 19.f4 {Setting a nasty little trap.} ( {There is one more idea to try and exploit the relatively shaky position of the black pieces:} 19.Qc2 $5 {with the idea} 19...Rxa3 ( {Not} 19...Rfb8 $2 20.Nb5 $1 ) 20.Qb2 Rxa1 21.Rxa1 Qb4 22.Qd2 $1 {Which may easily trap one of the black pieces if he is not careful. Like} 22...Bxc4 ( {Black can still hold with} 22...Bc8 $1 23.Qc2 d6 ) 23.Ra4 Qb3 24.Bd1 Qb6 25.f4 ) 19...Nc6 {when Black does not fall.} ( {It is easy to miss a sudden retreat in the attack like this one} 19...Nxc4 $2 20.Bxc4 Bxc4 21.Ne4 $1 Qxd2 22.Nxd2 {and White wins.} ) 20.Kf2 Rd8 {Once again, careful play by Martirosyan.} ( {The move in the game is better than} 20...Rxa3 21.Qb2 Rxa1 22.Rxa1 Qb4 23.Qd2 {when again more the black pieces are in danger.} ) 21.Ra2 Rxa3 {Finally picking up the pawn.} 22.Rxa3 Qxa3 23.Nd5 {With the clear intention to try and trap the black queen.} ( {However, stronger would be} 23.Ne4 $1 {to install the knight deeper into the enemy position. Then} 23...d6 ( 23...Bb7 24.Nd6 ) 24.Nxd6 Nb4 25.Rc3 Qa1 26.e4 {promises White the better chances.} ) 23...d6 24.Rc3 Qa1 25.Rc1 Qa3 26.Rc3 {White has a draw, but is there something more?} 26...Qa1 {Tabatabaei decided to play on.} ( {Notice that Black cannot deviate from the repetition:} 26...Qa5 27.Qc1 $1 {threatens to trap the black queen, and when he frees the air for her} 27...Rb8 28.Ra3 Qd8 29.Rxa6 {the bishop suffers.} ) 27.Qc1 Qxc1 28.Rxc1 Bc8 29.Ra1 Kf8 ( {Nothing changes} 29...a6 30.Bf3 ) 30.Bf3 a6 31.Rb1 ( {Stronger is} 31.g4 $1 {with a likely draw after} 31...Nb4 32.Nxb4 cxb4 33.Ra4 b3 34.Rb4 Be6 35.f5 a5 36.Rxb3 Bxc4 37.Ra3 ) 31...Be6 $1 {Now Black keeps the extra pawn, and it gets harder and harder for his opponent to prove compensation.} 32.Rb7 {Especially after this inaccuracy.} ( {Tabatabaei should have chosen instead} 32.Rb6 $1 Bxd5 33.Bxd5 Nb4 {when the activation of the bishop should keep White safe after} 34.Bf3 $1 Ke7 ( {And if} 34...g6 35.Rb7 {seizes the seventh rank.} ) 35.Bg4 ) 32...Na5 $1 33.Ra7 Nxc4 34.Nc7 ( {Or} 34.Rxa6 Nd2 ) 34...Nd2 ( {Even stronger is} 34...Rb8 $1 35.Rxa6 Rb2+ 36.Kg1 Nb6 $1 {Cementing the position with excellent winning chances.} ( {Rather than} 36...Nxe3 37.Nxe6+ fxe6 38.Rxd6 ) ) 35.Bd5 ( {Missing a good chance} 35.Nxe6+ $1 fxe6 36.Bg4 Re8 37.Ke2 Ne4 38.Rxa6 {when the strong bishop can help White hold.} ) 35...Bxd5 36.Nxd5 Rb8 37.Rxa6 {The time trouble starts to tell.} ( {However, since the pawn is not going anywhere} 37.Ke2 $1 {first would be better, preparing counterplay after} 37...Ne4 ( 37...Rb2 $4 38.Ra8+ ) 38.Kf3 f5 39.g4 g6 40.gxf5 gxf5 41.Ne7 ) ( {Likewise} 37.g4 $1 {would be great too.} ) 37...Ne4+ 38.Ke2 f5 39.Kd3 Rb7 ( {It makes sense to throw an intermediate check first, worsening the position of the white king:} 39...Rb3+ $1 40.Kc2 ( 40.Kc4 Nd2# ) 40...Rb7 ) 40.Kc4 ( {For White could now try his last chance with} 40.g4 $1 g6 41.Kc4 Kf7 {The point of the g2-g4 advance is to find counterplay on the kingside with} 42.gxf5 gxf5 43.Ra2 ) 40...Kf7 41.Ra8 h5 42.h4 g6 43.Rh8 Nd2+ 44.Kd3 Ke6 {Black has consolidated his advantage and slowly but surely converts his extra pawn.} 45.Nc3 Nb1 {First infiltration.} ( {Also good is} 45...Nf1 $1 46.Ke2 Nh2 ) 46.Nd1 Na3 47.Rg8 Rb3+ 48.Ke2 Kf7 49.Rd8 Nc4 50.Rd7+ Ke6 51.Rg7 Kf6 52.Rd7 Ra3 53.g3 Ra2+ 54.Ke1 Rg2 {That is it. White's position deteriorates.} 55.Rh7 Ke6 56.Rg7 Kf6 57.Rh7 Rxg3 58.Kf2 Rh3 59.Nc3 Nxe3 60.Nb5 Nd5 61.Nxd6 Rxh4 0-1

[Event "Croatia Rapid & Blitz "]
[Site "Zagreb"]
[Date "2021.07.08"]
[Round "6"]
[White "Nepomniachtchi, Ian"]
[Black "Saric, Ivan"]
[Result "0-1"]
[WhiteElo "2791"]
[BlackElo "2650"]
[EventDate "2021.??.??"]
[Annotator "Yermolinsky,Alex"]
[PlyCount "126"]
[Beauty "6188913674766"]
[EventType "rapid"]
[EventCountry "CRO"]

{Up to this point Ian had a fantastic tournament, 4/5 and 14 rating points gained for the rapid list.} 
1.e4 c5 2.Nf3 e6 $5 {A clever choice from Saric, who was looking for a back door entrance to the Sveshnikov Variation.} ( {In case of the direct} 2...Nc6 3.d4 cxd4 4.Nxd4 Nf6 5.Nc3 e5 6.Ndb5 d6 {Nepomniachtchi might have gone for the modern treatment with} 7.Nd5 ) 3.d4 cxd4 4.Nxd4 Nf6 5.Nc3 Nc6 6.Ndb5 {Possibly, a case of keeping his cards close to the chest.} ( {The type of position after} 6.Nxc6 bxc6 7.e5 Nd5 8.Ne4 {fits Nepo's style, albeit he never played it before (as far as I know). Of course, there's a lot of theory there, and some novelties might be found. We have to wait until November...} ) 6...d6 7.Bf4 e5 8.Bg5 a6 9.Na3 b5 10.Nd5 {The Karpov line. White abandons all ambitious thoughts of taking Black's position by storm and sends the game into a maneuvering stage. Despite Nepomniachtchi's experience in this line, somehow I don't think he would find success playing this way against Carlsen.} 10...Be7 11.Bxf6 Bxf6 12.c3 Bg5 13.Nc2 Ne7 14.Ncb4 ( {Also known is} 14.a4 bxa4 15.Ncb4 O-O 16.Qxa4 Nxd5 17.Nxd5 {and after} 17...Bd7 {Carlsen held comfortably against Jakovenko and Anand back in 2008-09. No new developments since then.} ) 14...O-O 15.g3 Be6 16.h4 Bh6 17.Bg2 {An inaccuracy, according to Saric, as it allows Black to expand on the queenside.} ( {The thematic} 17.a4 Nxd5 18.exd5 ( 18.Nxd5 bxa4 19.Rxa4 a5 20.Bc4 Kh8 21.Qe2 {Years ago I had a similar position with White against Khalifman, and I had no idea how to proceed.} ) 18...Bd7 19.Nc6 Qb6 20.Bg2 {is a concept, but I have my doubts about its efficiency. The great-looking Nc6 will be ignored, while Black has a clear-cut plan of attack with f7-f5. One question lingers on: why did White need to push his h-pawn forward?} ) 17...a5 $1 ( {\"After} 17...Nxd5 18.Nxd5 {I can't really attack the knight on d5 and everything is fine.\" - Saric} ) 18.Nxe7+ Qxe7 19.Nd5 ( 19.Nd3 Rac8 {Saric} ) 19...Qb7 {\"My queen is forced to a better square. He can't really defend the knight and will eventually have to capture on d5 with a pawn and that position is just strategically bad.\" - Saric} 20.g4 {I fail to see how this is going to help White. The only outcome of this pawn push is that it forces Black to trade down to a better endgame.} 20...Bxd5 21.Qxd5 Qxd5 22.exd5 Bf4 23.Ke2 Rab8 24.a3 g6 25.h5 Kg7 26.Rh3 Rfc8 27.Kd3 Kf6 {White's position is entirely devoid of any prospects. One consolation for Nepo: this wasn't Game 1 in Dubai.} 28.hxg6 hxg6 29.Rh7 $6 ( {The only positive development for White might be} 29.Kc2 b4 30.axb4 axb4 31.Ra6 {at least bringing that rook to c6.} ) 29...Rc7 30.Be4 Kg5 31.Ke2 b4 32.cxb4 axb4 33.a4 b3 $1 {Great timing!} 34.Kf3 ( {After} 34.a5 {Saric was planning} 34...Rc2+ $5 {Let's see:} 35.Bxc2 bxc2 36.Rhh1 e4 $1 ( {Too soon for} 36...c1=Q 37.Rhxc1 Bxc1 38.Rxc1 Rxb2+ 39.Kd3 Ra2 40.Rc6 {where White's activity may be enough for a draw.} ) 37.a6 Rxb2 {Curtains.} ) 34...Rb4 {Saric thought he was winning here but Nepomniachtchi still found something:} 35.a5 $5 Rxe4 36.a6 {This trick helps White to stay up the exchange, but from Black's point of view it's an OK development, as exchange sacrifices are often used to win endgames with rooks and opposite-colored bishops. Saric has a strong hand on the game.} ( 36.Kxe4 f5+ ) 36...Rd4 37.a7 e4+ 38.Kg2 Rxa7 39.Rxa7 Rd2 40.Kf1 Rxb2 41.Rb7 Kxg4 42.Rh8 ( 42.Rhxf7 Kf3 ) 42...Be5 43.Rhb8 Rb1+ 44.Kg2 b2 {It becomes clear that the only way for White to use his rooks is to sac back on b2 and head for a lost rook endgame.} 45.Rxf7 Rd1 46.Rfb7 Rxd5 47.Rb4 Kf5 48.Rf8+ Ke6 49.Re8+ Kd7 50.Reb8 Rd1 51.R4b7+ Ke6 52.Rxb2 Bxb2 53.Rxb2 d5 54.Rb8 d4 55.Rg8 Kf5 56.Rf8+ Kg5 57.Re8 Kf4 58.Rf8+ Ke5 59.Re8+ Kd5 60.Rg8 d3 61.Rxg6 d2 62.Rg8 Kc4 63.Rd8 Kc3 {A great, consistent game from the rating underdog. Saric sends a message that he plans to be more than a filler from the local ranks. To take things in perspective I have noticed that lately Nepo is having a hard time against the Sveshnikov. Something to work on before the World Championship match?} 0-1

[Event "Grand Chess Tour Saint Louis Rapid & Bl"]
[Site "Chess.com"]
[Date "2021.08.12"]
[Round "6"]
[White "Dominguez Perez, Leinier"]
[Black "Mamedyarov, Shakhriyar"]
[Result "0-1"]
[WhiteElo "2786"]
[BlackElo "2756"]
[EventDate "2021.??.??"]
[Annotator "Bojkov,Dejan"]
[PlyCount "64"]
[Beauty "8247318696494"]
[EventType "blitz"]

1.e4 e5 2.Nf3 Nf6 {The Petroff defense is an important part of Mamedyarov's opening repertoire. Still, it feels somewhat unusual.} 3.Nxe5 d6 4.Nf3 Nxe4 5.d4 d5 6.Bd3 Bd6 7.O-O O-O 8.c4 c6 9.Qb3 ( {In a recent game, the Azeri defended a somewhat worse positon after:} 9.Nc3 Nxc3 10.bxc3 dxc4 11.Bxc4 Bf5 12.Bg5 Qa5 13.Nh4 Be6 14.Bxe6 Qxg5 15.Nf3 Qa5 16.Bb3 Nd7 17.Qd3 Rae8 {Van Foreest,J (2688)-Mamedyarov,S (2782) chess24. com INT 2021} ) 9...dxc4 $5 {Quite a fresh try.} ( 9...Na6 {at once is what Black is mainly choosing.} ) 10.Bxc4 {[#]} 10...b5 $146 {Fighting for the control over the d5 square with a novelty.} ( {The predecessor was this brilliancy:} 10...Nd7 11.Re1 Ndf6 12.Nbd2 Nxd2 13.Bxd2 Qb6 14.Qd3 Qxb2 15.Rab1 Qa3 16.Qc2 Nd5 17.Rb3 Qa4 18.Bxd5 cxd5 19.Ng5 g6 20.Nxh7 $1 Bf5 21.Nf6+ Kg7 22.Bh6+ $3 Kxf6 23.g4 $3 Bf4 ( 23...Bxc2 24.Rf3+ Bf5 25.g5# ) 24.Qc7 Bxh6 25.Qe5+ Kg5 26.h4+ Kxh4 27.Rh3+ $1 Kg5 28.Qe7+ {1-0 (28) Paravyan, D (2630)-Golubov,S (2470) St Petersburg 2018} ) 11.Bd3 Nf6 12.Re1 {Dominguez is looking for a way to occupy the e5-square as early as he can.} ( {More principled looked:} 12.Bg5 {fighting in return for the d5-spot when:} 12...Na6 13.a3 {Black may proceed with either the obvious:} 13...Nc7 ( {Or the more aggressive:} 13...c5 $5 ) ) 12...Na6 13.a3 {This knight definitely cannot be allowed on b4.} 13...Bg4 {Very natural play by Mamedyarov. He increases his lead in development.} ( {Speaking of a development advantage, Black could have also tried to attack the center at once with:} 13...c5 {For example:} 14.Bxb5 ( {Or:} 14.Qxb5 cxd4 {When White can never capture the central pawn:} 15.Nxd4 $2 {There are a lot of refutations to this now, the simplest being:} 15...Nc5 ) 14...cxd4 15.Qd1 Nc5 16.Nxd4 Ng4 17.g3 Qf6 {with rich compensation for a pawn.} ) 14.Bc2 {Dominguez continues with his aggressive strategy.} ( {Black is fine after:} 14.Nbd2 Re8 ) 14...Re8 15.Ne5 Qc7 ( {In case of:} 15...Bh5 {White can continue with:} 16.Bg5 {Then the central strike:} 16...c5 {Is still possible, but at least White catches up with his development.} 17.Nd2 cxd4 18.Nc6 {There are plenty ot tactical in the position possibilities like:} 18...Bxh2+ 19.Kxh2 Ng4+ 20.Kg1 Qxg5 21.Nf3 {But at the end of the day, whenever White consolidates, he is doing alright.} ) 16.Qg3 {Still this risky play! Why not develop the queenside.} ( {Like:} 16.Bf4 {True, Black is excellent here as well, for instance after:} 16...Nh5 17.Bg3 Nc5 $1 18.Qc3 Nxg3 19.hxg3 Bxe5 20.dxe5 Nd7 {Redeploying the knight, but that was the lesser evil for White.} ) 16...c5 {Of course! With the fall of the d4-pawn the White's position is on the verge of the collapse. Dominguez believes that he has it all covered and enters a forcing line.} 17.Bg5 cxd4 18.Bxf6 Qxc2 19.Qxg4 Qg6 $1 {The only move, but more than sufficient.} ( {Everything else loses, say for instance:} 19...g6 20.Qxd4 Bxe5 21.Bxe5 Rad8 22.Qf4 ) 20.Qxg6 ( {Better seemed to develop the queenside again, with:} 20.Nd2 Qxf6 21.Nef3 Nc5 22.Qxd4 Qxd4 23.Rxe8+ Rxe8 24.Nxd4 a6 {when Black is slightly better.} ) 20...hxg6 21.Bxg7 Kxg7 22.Nf3 Rxe1+ 23.Nxe1 Bf4 {With the clear intention to not let the white queenside out.} ( {However:} 23...Rd8 {might have been more accurate, trading the other knight at once with:} 24.Nd3 Nc5 25.Nxc5 Bxc5 26.Kf1 Re8 $1 {when Black is better.} ) 24.Nd3 Rc8 {The bishop is defended tactically, but this is not everything.} 25.Kf1 {And this turns out to be a blunder. Dominguez obviously overlooked Black's next move.} ( 25.b4 $1 Rc2 26.Kf1 Bd6 27.Ke1 Nc7 28.Kd1 Rc6 29.Nd2 Nd5 30.Nf3 ) 25...Nc5 $3 {That is the problem. The White queenside is finally packed.} 26.Nxf4 ( {Or:} 26.Nxc5 Rxc5 {and White has no useful moves.} ) 26...Nb3 27.Ra2 Rc1+ 28.Ke2 Rxb1 29.Nd3 a5 {Once that the black knight is defended with this pawn, it is all over.} 30.g4 a4 31.Kf3 Rd1 32.Nb4 ( {Perhaps Dominguez should have tried this final little chance:} 32.Ke4 {When the obvious:} 32...Rxd3 ( 32...f5+ $1 {instead is winning at once.} ) 33.Kxd3 Nc1+ 34.Kxd4 Nxa2 35.Kc5 $1 {actually does not win for the second player.} ) ( 32.Ke2 Rd2+ $1 {is losing as well.} ) 32...d3 {The pawn is unstoppable.} 0-1